| 000 | 00545nam a2200181Ia 4500 | ||
|---|---|---|---|
| 008 | 230917s9999||||xx |||||||||||||| ||und|| | ||
| 020 | _cGBP 46.99 (RS 4687.72) | ||
| 040 |
_e5014443 _aMAIN |
||
| 041 | _aEnglish | ||
| 082 | _a370.15 S53S(2) | ||
| 100 | _aSimon, Dennis J | ||
| 245 | 0 | _aSupervision in school psychology: The developmental, ecological, problem-solving model | |
| 250 | _a2nd ed. | ||
| 260 |
_aLondon _bRoutladge _c2023 |
||
| 300 | _axxvii, 559 p. | ||
| 500 | _a4815 19/12/2022 JPH22/00075 23/12/2022 Main Budget | ||
| 942 | _cBK | ||
| 999 |
_c7324 _d7324 |
||